Statistics for Last 15 Valencia CF Managers

Click here to take the quiz!

General Stats

  • This quiz has been taken 25 times
    (2 since last reset)
  • The average score is 3 of 15

Answer Stats

Answer% Correct
Gary Neville
100%
Gennaro Gattuso
50%
Juan Antonio Pizzi
50%
Marcelino García
50%
Nuno Espírito Santo
50%
Albert Celades
0%
Cesare Prandelli
0%
Ernesto Valverde
0%
Javi Gracia
0%
José "Pepe" Bordalás
0%
Miroslav Đukić
0%
Nico Estévez
0%
Pako Ayestarán
0%
Rubén Baraja
0%
Voro González
0%

Score Distribution

Percentile by Number Answered

Percent of People with Each Score

Your Score History

You have not taken this quiz since the last reset